Najpopularniejsze imiona dla chłopców 2018 - Statystyki

Ogólne statystyki
  • Ten quiz został rozwiązany 208 razy
  • Średni wynik to 9 z 15
Statystyki odpowiedzi
Liczba Imię % Poprawnych
8908 Jakub
84%
8457 Jan
76%
4586 Michał
72%
9329 Antoni
66%
5437 Kacper
62%
8234 Szymon
62%
5168 Adam
60%
6407 Filip
58%
7324 Aleksander
56%
4649 Stanisław
52%
7094 Franciszek
51%
3908 Wiktor
51%
6008 Mikołaj
45%
5862 Wojciech
45%
4661 Marcel
34%
Nie znaleziono quizów pasujących do podanych kryteriów
Rozkład punktacji
Procent ludzi z każdym wynikiem
Percentyl według liczby udzielonych odpowiedzi
Twoja historia wyników
Nie rozwiązałeś tego quizu